Việt Nam trong lòng bạn bè quốc tế
Cuốn sách sưu tầm, tập hợp những bài phát biểu, đánh giá ghi nhận của nhân dân thế giới đối với đất nước, con người, lịch sử dựng nước và giữ nước, lịch sử cách mạng cũng như thành tựu trong công cuộc đổi mới, hội nhập của Vi...
Αποθηκεύτηκε σε:
| Μορφή: | Βιβλίο |
|---|---|
| Γλώσσα: | Undetermined |
| Έκδοση: |
Hà Nội
Thanh niên
2015
|
| Θέματα: | |
| Ετικέτες: |
Προσθήκη ετικέτας
Δεν υπάρχουν, Καταχωρήστε ετικέτα πρώτοι!
|
| Thư viện lưu trữ: | Trung tâm Học liệu Trường Đại học Cần Thơ |
|---|
| LEADER | 01029nam a2200205Ia 4500 | ||
|---|---|---|---|
| 001 | CTU_202266 | ||
| 008 | 210402s9999 xx 000 0 und d | ||
| 020 | |c 58000 | ||
| 082 | |a 915.97 | ||
| 082 | |b V308 | ||
| 245 | 0 | |a Việt Nam trong lòng bạn bè quốc tế | |
| 245 | 0 | |c Nguyễn Sông Lam (Biên soạn) | |
| 260 | |a Hà Nội | ||
| 260 | |b Thanh niên | ||
| 260 | |c 2015 | ||
| 520 | |a Cuốn sách sưu tầm, tập hợp những bài phát biểu, đánh giá ghi nhận của nhân dân thế giới đối với đất nước, con người, lịch sử dựng nước và giữ nước, lịch sử cách mạng cũng như thành tựu trong công cuộc đổi mới, hội nhập của Việt Nam | ||
| 650 | |a Việt Nam,Vietnam,Vietnam,Việt Nam | ||
| 650 | |x Lịch sử,History,Description and travel,Mô tả và du lịch | ||
| 904 | |i Tuyến | ||
| 980 | |a Trung tâm Học liệu Trường Đại học Cần Thơ | ||